[Event "Munich SKA"]
[Site "Munich"]
[Date "1994.??.??"]
[Round "3"]
[White "Jussupow, Artur"]
[Black "Lobron, Eric"]
[Result "1-0"]
[WhiteElo "2655"]
[BlackElo "2570"]
[PlyCount "114"]
[EventDate "1994.05.??"]
[Source "ChessBase"]

1. d4 Nf6 2. c4 e6 3. Nc3 Bb4 4. e3 O-O 5. Bd3 d5 6. Nf3 c5 7. O-O Nc6 8. a3
Bxc3 9. bxc3 Qc7 10. cxd5 exd5 11. a4 Re8 12. Ba3 c4 13. Bc2 Bg4 14. Qe1 Bh5
15. Nh4 Ng4 16. g3 Bg6 17. Nxg6 hxg6 18. Qd2 f5 19. Rae1 Nf6 20. f3 Qd7 21. g4
fxg4 22. Bxg6 Ne7 23. Bxe8 Rxe8 24. Bxe7 Rxe7 25. Qg2 Qe8 26. fxg4 Re4 27. h3
Rxe3 28. Qf2 Re4 29. Rxe4 Nxe4 30. Qf3 b6 31. h4 a6 32. g5 g6 33. Kg2 b5 34.
axb5 axb5 35. Ra1 Qb8 36. Ra6 Kg7 37. h5 gxh5 38. g6 Kh6 39. Re6 Ng5 40. Qe3
Qc8 41. Rf6 Qg4+ 42. Kf2 Qh4+ 43. Kf1 Qh1+ 44. Kf2 Qh4+ 45. Kg1 Qg4+ 46. Kf1
Qd1+ 47. Kf2 Qc2+ 48. Kg1 Qd1+ 49. Kh2 Qc2+ 50. Rf2 Qxg6 51. Qe5 Nh7 52. Rf5 b4
53. cxb4 c3 54. Qf4+ Kg7 55. Qe5+ Kh6 56. Qf4+ Kg7 57. Rxd5 Nf6 1-0

[Event "Munich SKA"]
[Site "Munich"]
[Date "1994.??.??"]
[Round "6"]
[White "Lutz, Christopher"]
[Black "Van der Sterren, Paul"]
[Result "1/2-1/2"]
[WhiteElo "2595"]
[BlackElo "2605"]
[PlyCount "88"]
[EventDate "1994.05.??"]
[Source "ChessBase"]

1. d4 d5 2. c4 e6 3. Nc3 Nf6 4. Bg5 Be7 5. Nf3 h6 6. Bh4 O-O 7. e3 b6 8. Be2
Bb7 9. Bxf6 Bxf6 10. cxd5 exd5 11. b4 c6 12. O-O a5 13. b5 c5 14. Rc1 Nd7 15.
dxc5 Nxc5 16. Nd4 Rc8 17. Bg4 Rc7 18. Nce2 Be5 19. g3 g6 20. Bh3 Qd6 21. Rc2 h5
22. Bg2 h4 23. Qb1 hxg3 24. hxg3 Rfc8 25. Rd1 Bxd4 26. Nxd4 Ne4 27. Nc6 Qf6 28.
Bxe4 dxe4 29. Rc4 Bxc6 30. bxc6 Rxc6 31. Rxe4 Rc2 32. Rf4 Qe6 33. Rd8+ Rxd8 34.
Qxc2 b5 35. a3 g5 36. Rf5 Rd5 37. Rxd5 Qxd5 38. Qc8+ Kh7 39. Qc2+ Kh6 40. Qc3
a4 41. e4 Qxe4 42. Qf6+ Qg6 43. Qh8+ Qh7 44. Qf6+ Qg6 1/2-1/2

[Event "Munich SKA"]
[Site "Munich"]
[Date "1994.??.??"]
[Round "7"]
[White "Gelfand, Boris"]
[Black "Jussupow, Artur"]
[Result "1/2-1/2"]
[WhiteElo "2685"]
[BlackElo "2655"]
[PlyCount "108"]
[EventDate "1994.05.??"]
[Source "ChessBase"]

1. e4 e5 2. Bc4 Nf6 3. d3 c6 4. Nf3 Be7 5. Bb3 O-O 6. O-O d6 7. c3 Bg4 8. Nbd2
Nbd7 9. h3 Bh5 10. Re1 Nc5 11. Bc2 Ne6 12. Nf1 Nd7 13. Ng3 Bxf3 14. Qxf3 g6 15.
Be3 Bg5 16. Rad1 Bxe3 17. Qxe3 Qh4 18. d4 Nf6 19. dxe5 dxe5 20. Bb3 Ng5 21. Qc5
Rfe8 22. Re2 Kg7 23. Qb4 b6 24. Qa4 c5 25. Qc4 Re7 26. a4 Ne6 27. Red2 h5 28.
Bc2 Qg5 29. Ne2 h4 30. Rd6 Rf8 31. Qd3 Nf4 32. Nxf4 exf4 33. f3 Qe5 34. Bb3 Rc8
35. Bc4 Rcc7 36. Bb5 Rc8 37. Rd8 Rxd8 38. Qxd8 Qc7 39. Kf2 Qxd8 40. Rxd8 Nh5
41. Rd5 Nf6 42. Rd6 Nh5 43. Bd3 Nf6 44. Bb5 Nh5 45. Bd3 Nf6 46. Ke2 Re6 47. Rd8
Re8 48. Rd6 Re6 49. Rxe6 fxe6 50. Bb5 a5 51. Kd3 Kf7 52. b4 cxb4 53. cxb4 axb4
54. Kc4 Ke7 1/2-1/2

[Event "Munich SKA"]
[Site "Munich"]
[Date "1994.??.??"]
[Round "8"]
[White "Huebner, Robert"]
[Black "Hertneck, Gerald"]
[Result "1-0"]
[WhiteElo "2610"]
[BlackElo "2615"]
[PlyCount "45"]
[EventDate "1994.05.??"]
[Source "ChessBase"]

1. Nf3 d5 2. d4 Nf6 3. c4 c6 4. Nc3 dxc4 5. a4 Bf5 6. e3 e6 7. Bxc4 Bb4 8. O-O
Nbd7 9. Qe2 Bg6 10. e4 Bxc3 11. bxc3 Nxe4 12. Ba3 Qc7 13. Rfe1 c5 14. d5 e5 15.
Bd3 Nxc3 16. Qd2 Bxd3 17. Qxd3 Nxa4 18. d6 Qa5 19. Nxe5 O-O-O 20. Nxf7 Rde8 21.
Re7 Rhf8 22. Qe4 Rd8 23. Nxd8 1-0

[Event "Munich SKA"]
[Site "Munich"]
[Date "1994.??.??"]
[Round "10"]
[White "Huebner, Robert"]
[Black "Lutz, Christopher"]
[Result "1-0"]
[WhiteElo "2610"]
[BlackElo "2595"]
[PlyCount "81"]
[EventDate "1994.05.??"]
[Source "ChessBase"]

1. e4 c5 2. Nf3 d6 3. d4 cxd4 4. Nxd4 Nf6 5. Nc3 Nc6 6. Bg5 e6 7. Qd2 a6 8.
O-O-O h6 9. Be3 Be7 10. f4 Bd7 11. Kb1 b5 12. Bd3 Qc7 13. Rhe1 b4 14. Nce2 O-O
15. h3 e5 16. Nf5 Bxf5 17. exf5 e4 18. Bc4 d5 19. Bb3 Na5 20. g4 Nc4 21. Bxc4
dxc4 22. Bd4 c3 23. Qe3 cxb2 24. g5 Rfc8 25. Qb3 hxg5 26. fxg5 Ne8 27. f6 Bf8
28. fxg7 Nxg7 29. g6 Qc4 30. gxf7+ Qxf7 31. Qxb2 Rc6 32. Rf1 Qe8 33. Rg1 Rd8
34. Rdf1 Rd7 35. Rg4 Rg6 36. Qb3+ Kh7 37. Nf4 Rxg4 38. hxg4 Rxd4 39. Rh1+ Nh5
40. Nxh5 Kg6 41. Qg8+ 1-0

[Event "Munich SKA"]
[Site "Munich"]
[Date "1994.??.??"]
[Round "11"]
[White "Lutz, Christopher"]
[Black "Lobron, Eric"]
[Result "0-1"]
[WhiteElo "2595"]
[BlackElo "2570"]
[PlyCount "140"]
[EventDate "1994.05.??"]
[Source "ChessBase"]

1. d4 Nf6 2. c4 e6 3. Nf3 Bb4+ 4. Nbd2 b6 5. a3 Bxd2+ 6. Qxd2 Bb7 7. e3 d6 8.
Be2 O-O 9. O-O a5 10. b3 Nbd7 11. Bb2 Qe7 12. Rad1 Rfd8 13. Qc3 d5 14. cxd5
Bxd5 15. Bc4 c6 16. Nd2 c5 17. dxc5 Qxc5 18. e4 Bxc4 19. Nxc4 b5 20. Nd6 Qxc3
21. Bxc3 Nc5 22. Bxa5 Rxd6 23. Rxd6 Nb7 24. Rb6 Nxa5 25. Rxb5 Nxe4 26. Rc1 h6
27. Rc2 Nd6 28. Rb6 Nf5 29. g3 Nd4 30. Rb2 Rc8 31. Kg2 Rc3 32. b4 Nc4 33. Rb8+
Kh7 34. Ra2 Nxa3 35. Rd2 Nab5 36. Rd8 Rc4 37. Rb2 e5 38. Rd5 f6 39. Rc5 Rxc5
40. bxc5 Na7 41. Rb7 Nac6 42. h4 h5 43. Rd7 Kg6 44. f3 Nb8 45. Rd6 Kf5 46. f4
Nbc6 47. fxe5 Kxe5 48. Kh3 f5 49. Kg2 Nb4 50. Rd8 Nd5 51. Rd7 g6 52. Kh1 Nc6
53. Rd6 Nce7 54. Kh2 Kd4 55. Re6 Kxc5 56. Kh1 Kd4 57. Kh2 Kd3 58. Kg1 Kd4 59.
Kh2 Kc4 60. Kh1 Kc3 61. Kg1 Kd3 62. Kh1 Ng8 63. Rxg6 Ngf6 64. Rh6 Ke3 65. Kg2
Ke2 66. Rh8 Ne3+ 67. Kh3 Kf3 68. Rf8 Ne4 69. Rf7 Nxg3 70. Rg7 Ne4 0-1